00313nam a2200121Ia 4500008004100000082001600041100002100057245005300078250000800131260002800139300000800167650001600175191201s2011 xx 000 0 und d a004.21bGRC aGROOVER,Mikell P 0aCAD/CAM Computer- Aided Design and Manufacturing aIMP aN. DelhibPearsonc2011 a511 aM.Tech (ME)